000 01122cam a2200361 i 4500
999 _c200430081
_d48007
001 200430081
003 TR-AnTOB
005 20240823074041.0
007 ta
008 180317s2016 tu e b 000 0 tur d
010 _a 2017349883
020 _a9786050500783
040 _aDLC
_beng
_erda
_cDLC
_dTR-AnTOB
041 0 _atur
042 _apcc
_alcode
043 _aa-tu---
050 0 0 _aKKX1710
_b.A985 2016
090 _aKKX1710
_b.A985 2016
100 1 _aAslan, Kudret
_eauthor
_9120693
245 1 0 _aMedenî usul hukukunda davanın geri alınması /
_cYrd. Doç. Dr. Kudret Aslan, TOBB ETÜ Hukuk Fakültesi.
246 3 0 _aDavanın geri alınması
264 1 _aAnkara :
_bYetkin Yayınları,
_c2016.
264 4 _c©2016
300 _a607 pages ;
_c24 cm
336 _atext
_btxt
_2rdacontent
337 _aunmediated
_bn
_2rdamedia
338 _avolume
_bnc
_2rdacarrier
504 _aIncludes bibliographical references (pages 573-607).
650 7 _aMedeni usul
_zTürkiye
_2etuturkob
_9115852
650 7 _aMedeni usul
_zTürkiye
_2etuturkob
_9115852
942 _2lcc
_cBK